Tout les clubs rélégués en championship depuis 2000 - Statistiques

Statistiques générales
  • Ce quiz a été pris 89 fois
    14 depuis la dernière actualisation
  • Le résultat moyen est 49 sur 75
Statistiques - réponses
Saison Club % Correct
2022/2023 Leicester
100%
2003/2004 Leicester
100%
Leicester
100%
2019/2020 Bournemouth
83%
Southampton
83%
Southampton
83%
Aston Villa
75%
Burnley
75%
2021/2022 Burnley
75%
Burnley
75%
2009/2010 Burnley
75%
2018/2019 Cardiff
75%
Cardiff
75%
Derby
75%
Derby
75%
2020/2021 Fulham
75%
Fulham
75%
Fulham
75%
2015/2016 Newcastle
75%
2008/2009 Newcastle
75%
Norwich
75%
Norwich
75%
Norwich
75%
2013/2014 Norwich
75%
Norwich
75%
2017/2018 Swansea
75%
2016/2017 Hull
67%
2014/2015 Hull
67%
Hull
67%
Leeds
67%
Leeds
67%
Portsmouth
67%
Sheffield United
67%
Sheffield United
67%
2006/2007 Sheffield United
67%
Sheffield Wednesday
67%
Sunderland
67%
Sunderland
67%
Sunderland
67%
Watford
67%
Watford
67%
Watford
67%
Watford
67%
West Brom
67%
West Brom
67%
West Brom
67%
West Brom
67%
West Brom
67%
West Ham
67%
2002/2003 West Ham
67%
Wolverhampton
67%
Wolverhampton
67%
2010/2011 Birmingham
58%
Birmingham
58%
2005/2006 Birmingham
58%
Blackburn
58%
2004/2005 Crystal Palace
58%
2001/2002 Ipswich
58%
Queens Park Rangers
58%
Queens Park Rangers
58%
Stoke
58%
Blackpool
50%
Charlton
50%
2000/2001 Manchester City
50%
Middlesbrough
50%
Middlesbrough
50%
Reading
50%
2007/2008 Reading
50%
2011/2012 Bolton
42%
Huddersfield
42%
2023/2024 Luton Town
42%
2012/2013 Wigan
42%
1999/2000 Wimbledon FC
42%
Bradford City
33%
Coventry
33%
Aucun quiz correspondant
Distribution des résultats
% des personnes avec chaque résultat
Percentile par nombre de réponses
Votre historique - résultats
Vous n’avez pas pris ce quiz depuis la dernière actualisation